| 000 | 01355nam a2200349 i 4500 | ||
|---|---|---|---|
| 001 | 000024538 | ||
| 003 | DO-SdBNP | ||
| 005 | 20260607000942.0 | ||
| 007 | ta | ||
| 008 | 110131s1987 dr 001 0 spa d | ||
| 040 |
_aDO-SdBNP _bspa _cBNPHU _erda |
||
| 041 | _aspa | ||
| 049 | _aBNPD | ||
| 082 | 4 |
_a327.730729 _bM385c _223 |
|
| 100 | 1 |
_aMartínez, Pablo _950288 _eautor _4aut. |
|
| 245 | 1 | 3 |
_aEl Caribe bajo las redes políticas Norteamericanas / _cPablo Marínez |
| 264 |
_aSanto Domingo, República Dominicana : _bEditora Unversitaria-UASD, _c1987 |
||
| 300 |
_a277 páginas ; _c21 cm |
||
| 336 |
_atexto _btxt _2rdacontent |
||
| 337 |
_asin mediación _bn _2rdamedia |
||
| 338 |
_avolumen _bnc _2rdacarrier |
||
| 490 |
_aPublicaciones de la Universidad Autónoma de Santo Domingo ; _v682 |
||
| 490 |
_aHistoria y sociedad ; _v78 |
||
| 504 | _aBibliografía : páginas 35-47-173-185, 215-216 | ||
| 590 | _aInventariado, 2024/BT | ||
| 650 | 7 |
_2armarc _aGeopolítica _xHistoria _ySiglo XX _zCaribe (Región) _989906 |
|
| 651 | 7 |
_2armarc _aCaribe (Región) _xRelaciones exteriores _zEstados Unidos _989907 |
|
| 651 | 7 |
_2armarc _aEstados Unidos _xRelaciones exteriores _zCaribe (Región) _977534 |
|
| 651 | 7 |
_aCaribe (Región) _xRelaciones exteriores _zHaití _989908 |
|
| 651 | 7 |
_aHaití _xRelaciones exteriores _zCaribe (Región) _989909 |
|
| 942 |
_2ddc _cLBS1 |
||
| 999 |
_c24031 _d24031 |
||